000 00761nam a2200241Ia 4500
003 OSt
005 20220926005421.0
006 a|||||r|||| 00| 0
007 ta
008 220923b |||||||| |||| 00| 0 eng d
020 _c1295.00
037 _b60/A, 28/01/2019, CLASSIC BOOKS SERVICES
_cGeneral Book
040 _aRTL
_cRTL
_beng
041 _2eng
_aeng
100 _aNATHAN Dev
245 0 _aEmployment Social Protection and Inclusive Growth in South Asis.
260 _a New Delhi
_bSouth Asia Press
_c2017
300 _axxii, 331P.
_ccm.
650 _aEconomics
700 _a SHARMA Akhilesh K
_9310259
942 _cGB
_2CC
999 _c613763
_d613763